Microsoft Information Protection Administrator SC-400 Certification Guide: Advance your Microsoft Security & Compliance services knowledge and pass the SC-400 exam with confidence (Record no. 1724271)

MARC details
000 -LEADER
fixed length control field 00680nam a2200229Ia 4500
005 - DATE AND TIME OF LATEST TRANSACTION
control field 20260320201921.0
008 - FIXED-LENGTH DATA ELEMENTS--GENERAL INFORMATION
fixed length control field 008 262003s9999 xx 000 0 eng d
037 ## - SOURCE OF ACQUISITION
Stock number EBOOK
040 ## - CATALOGING SOURCE
Original cataloging agency CRL
040 ## - CATALOGING SOURCE
Language of cataloging eng
040 ## - CATALOGING SOURCE
Transcribing agency CRL
041 ## - LANGUAGE CODE
Source of code eng
041 ## - LANGUAGE CODE
Language code of text/sound track or separate title eng
084 ## - COLON CLASSIFICATION NUMBER
Assigning agency CRL
100 ## - MAIN ENTRY--PERSONAL NAME
Personal name Darr
9 (RLIN) 1136305
245 #0 - TITLE STATEMENT
Title Microsoft Information Protection Administrator SC-400 Certification Guide: Advance your Microsoft Security & Compliance services knowledge and pass the SC-400 exam with confidence
260 ## - PUBLICATION, DISTRIBUTION, ETC.
Name of publisher, distributor, etc. IEEE
856 ## - ELECTRONIC LOCATION AND ACCESS
Uniform Resource Identifier <a href="https://ieeexplore.ieee.org/servlet/opac?bknumber=10163387">https://ieeexplore.ieee.org/servlet/opac?bknumber=10163387</a>
942 ## - ADDED ENTRY ELEMENTS (KOHA)
Koha item type eBooks
Holdings
Withdrawn status Lost status Damaged status Not for loan Home library Current library Date acquired Total Checkouts Barcode Date last seen Price effective from Koha item type
        Central Library Central Library 2026-03-20   CL2128365 2026-03-20 2026-03-20 eBooks
Copyright @ Delhi University Library System